000 00551nam a2200193Ia 4500
005 20260114185831.0
008 008 260114s9999 xx 000 0 eng d
020 _a9780755694532
037 _aEBOOK
040 _aCRL
_beng
_cCRL
041 _aeng
_2eng
084 _qCRL
100 _aNaomi Sakr
_9874960
245 0 _aTransformations in Egyptian Journalism
260 _bBloomsbury
_c2013
856 _uhttps://doi.org/10.5040/9780755694532?locatt=label:secondary_bloomsburyCollections
942 _cEBOOK
999 _c1473894
_d1473894